[Event "Hampstead op U2200 11-A"]
[Site "Hampstead"]
[Date "2013.11.23"]
[Round "1"]
[White "Islam, Mohammed Hafizul"]
[Black "McLaren, Thomas"]
[Result "1-0"]
[WhiteElo "1866"]
[BlackElo "1594"]
[PlyCount "77"]
[EventDate "2013.11.23"]
[EventType "swiss"]
[EventRounds "5"]
[EventCountry "ENG"]
[SourceTitle "EXT 2015"]
[Source "ChessBase"]
[SourceDate "2014.11.20"]
[SourceVersion "1"]
[SourceVersionDate "2014.11.20"]
[SourceQuality "1"]

1. d4 Nf6 2. c4 g6 3. Nc3 Bg7 4. e4 d6 5. Bd3 0-0 6. Nge2 Nc6 7. 0-0 e5 8. d5 Ne7 9. Ng3 Ne8 10. f4 f5 11. exf5 gxf5 12. fxe5 dxe5 13. Nh5 e4 14. Nxg7 Nxg7 15. Bc2 Ng6 16. Ne2 Qe7 17. Be3 Bd7 18. Kh1 b6 19. Nf4 Ne5 20. Nh3 Nxc4 21. Bg5 Qc5 22. Bb3 b5 23. Rc1 Qb4 24. a3 Qa5 25. Qd4 Qb6 26. Qc3 c6 27. dxc6 Qxc6 28. Nf4 Rac8 29. Rfd1 Be6 30. Be7 Rf7 31. Rd6 Qe8 32. Nxe6 Nxe6 33. Rxe6 Rxe7 34. Qg3+ Kh8 35. Bxc4 bxc4 36. Qe5+ Kg8 37. Rxe7 Qg6 38. Qd5+ Kf8 39. Rxc4 1-0

[Event "BAN-chT"]
[Site "Dhaka"]
[Date "2013.11.08"]
[Round "7"]
[White "Islam, Mohammed Hafizul"]
[Black "Hossain, Enamul"]
[Result "0-1"]
[WhiteElo "2054"]
[BlackElo "2443"]
[PlyCount "38"]
[EventDate "2013.11.02"]
[EventType "team-tourn"]
[EventRounds "9"]
[EventCountry "BAN"]
[SourceTitle "CBM 157 Extra"]
[Source "ChessBase"]
[SourceDate "2013.12.19"]
[SourceVersion "1"]
[SourceVersionDate "2013.12.19"]
[SourceQuality "1"]

1. e4 d5 2. exd5 Qxd5 3. d4 Nc6 4. Nf3 Bg4 5. Be2 0-0-0 6. c3 e5 7. Be3 f5 8. dxe5 Qxd1+ 9. Bxd1 Nxe5 10. Be2 Bxf3 11. gxf3 Nd3+ 12. Bxd3 Rxd3 13. Ke2 Rd7 14. Rd1 Rxd1 15. Kxd1 Bd6 16. h3 Ne7 17. Nd2 f4 18. Bd4 c5 19. Ne4 Rd8 0-1